000 00335nam a2200109Ia 4500
008 200302s9999 xx 000 0 und d
100 _aA. K. Singh and Other
245 _aSocial Econogy and Environmental Protection in India Issues, Challenges and strategies
260 _bSerials Publications Pvt. Ltd.
260 _c2018
300 _a576
999 _c7453
_d7453